00218nam a22000977a 4500008004100000082001500041100001600056245002400072260001600096300000800112230703b xxu||||| |||| 00| 0 eng d a349.4bNDU cGrace Ndugu aYou and Your Rights aKenyac1998 a75p